Χρηματοοικονομική των επιχειρήσεων

Αποθηκεύτηκε σε:
Λεπτομέρειες βιβλιογραφικής εγγραφής
Κύριοι συγγραφείς: Ross, Stephen A., Westerfield, Randolph (Συγγραφέας), Jaffe, Jeffrey F., 1946- (Συγγραφέας)
Άλλοι συγγραφείς: Αγγελίδης, Τιμόθεος Θ. (Επιμελητής έκδοσης)
Μορφή: Βιβλίο
Γλώσσα:Greek
English
Δημοσίευση: Cyprus : Broken Hill, c2017.
Θέματα:
Ετικέτες: Προσθήκη ετικέτας
Δεν υπάρχουν, Καταχωρήστε ετικέτα πρώτοι!

MARC

LEADER 00000cam a2200000 a 4500
001 1/118993
008 190531t2017####cy | ||| |||| ||gre||
020 |a 9789963274017 
040 |a GR-MyUa  |b gre  |c GR-MyUa  |e AACR2 
041 1 |a gre  |h eng 
082 7 |a 658.15   |2 (23) 
100 1 |a Ross, Stephen A. 
245 1 0 |a Χρηματοοικονομική των επιχειρήσεων /   |c Stephen A. Ross, Randolph W. Westerfield, Jeffrey Jaffe ; επιμέλεια έκδοσης Τιμόθεος Αγγελίδης ...[κ.ά.].  
260 |a Cyprus :   |b Broken Hill,   |c c2017.  
300 |a 940 σ. ;   |c 28 εκ.  
500 |a Γενική επιμέλεια : Τιμόθεος Αγγελίδης, Παναγιώτης Αρτίκης, Ιορδάνης Ελευθεριάδης, Κυριακή Κοσμίδου, Εμμανουήλ Τσιριτάκης, Χρήστος Φλώρος.  
504 |a Περιέχει βιβλιογραφικές αναφορές και ευρετήριο.  
650 0 |a Corporations  |x Finance. 
700 1 |a Westerfield, Randolph,  |e aut 
700 1 |a Jaffe, Jeffrey F.,   |d 1946-  |e aut 
700 0 |a Αγγελίδης, Τιμόθεος Θ.  |e edt 
765 0 8 |i Μετάφραση του:   |t Corporate finance /  
852 |a INST  |b CHIOS  |c EUDOXUS  |e 20211025  |h 658.15 ROS  |p 005200039601  |q 005200039601  |t EDX  |y 0 
852 |a INST  |b SAMOS  |c EUDOXUS  |e 20190531  |h 658.15 ROS  |p 005300046038  |q 005300046038  |t EDX  |y 23 
852 |a INST  |b SAMOS  |c EUDOXUS  |e 20190531  |h 658.15 ROS  |p 005300046039  |q 005300046039  |t EDX  |y 0 
852 |a INST  |b SAMOS  |c EUDOXUS  |e 20220504  |h 658.15 ROS  |p 005300046943  |q 005300046943  |t EDX  |y 0 
920 |a Εύδοξος  |b Επιστροφή  |y Χίος  |z 2021-10 
920 |a Εύδοξος  |b Παραγγελία  |y Σάμος-ΤΣΑΧΜ  |z 2019-05 
970 |a Γουβάλα  |b Βάσω  |z 31-05-2019